000 00665nam a22002177a 4500
999 _c18796
_d18796
003 AR-CdUCM
008 190304b ||||| |||| 00| 0 spa d
040 _aMUNICIPALIDAD PROVINCIAL DEL CUSCO
_cBIBLIOTECA MUNICIPAL DEL CUSCO
082 _a810 /
_bP73
100 _aPoe, E. A.
_939605
245 _aNarraciones Extraordinarias /
260 _aEspaña :
_bSalvat editores,
_bGrafica estella,
_c1970.
300 _a189 páginas
_c19 cm.
440 _aColección Ariel Universal
_n7
_98719
505 _aCuentos
650 _aLiteratura universal
_9611
650 _aCuentos
_9217
650 _aHistoria
_9136
942 _2ddc
_cLIBROS
945 _apjha
_d2019-05-15